Termodinámica del equilibrio

Uloženo v:
Podrobná bibliografie
Hlavní autor: Aguirre Ode, Fernando (Autor)
Médium: Kniha
Jazyk:španělština
Vydáno: Ciudad de México Interamericana 1971
Témata:
Tagy: Přidat tag
Žádné tagy, Buďte první, kdo vytvoří štítek k tomuto záznamu!

MARC

LEADER 00000nam a2200000 a 4500
001 UCW1985
003 CL-VaPUC
008 891108e19710000MX |||||||||||||||||spa|d
082 0 4 |a 541.369  |b AGU  |2 21 
100 0 |a Aguirre Ode, Fernando  |e author  |9 305954 
245 1 0 |a Termodinámica del equilibrio 
300 |a 496 p 
942 |c BK 
945 |d 19891108 00:00:00 
260 |a Ciudad de México  |b Interamericana  |c 1971 
650 0 |a Termodinámica   |9 259320 
650 0 |a Equilibrio químico   |9 259943 
583 |a last modification  |c 20190713 21:44:15  |k Rodrigo Vera 
999 |c 216668  |d 216666